Thank You For The Music - ABBA Lyrics (Mamma Mia Movie) (Credits song) - Statistics

General Stats
  • This quiz has been taken 192 times
  • The average score is 258 of 303
Answer Stats
Hint Answer % Correct
I
100%
you
100%
a
99%
for
99%
music',
99%
'Thank
99%
the
99%
so
98%
Chorus | Outro So
98%
All
95%
all
95%
Verse I'm
94%
song
94%
it
93%
it?
93%
say
93%
joy
92%
joy,
92%
bringing
91%
in
91%
sing
91%
Thanks
91%
singing
90%
songs
90%
me
89%
to
88%
Who
88%
can
87%
can?
87%
What
87%
what
87%
be?
86%
with
86%
live
85%
we?
85%
without
84%
Without
84%
ask
83%
dance,
82%
dance
82%
are
81%
giving
81%
honesty
78%
when
78%
would
77%
before
76%
they're
76%
could
75%
have
75%
life
75%
life,
75%
or
75%
But
74%
out
74%
of
73%
start
73%
start?
73%
and
71%
heard
71%
is
71%
joke
71%
wonder
71%
you've
71%
everyone
70%
fact,
70%
nothing
70%
probably
70%
bit
69%
bore
69%
special,
69%
talent,
69%
tell
69%
want
69%
wonderful
69%
listens
67%
walk
67%
loud
66%
thing,
66%
talk
65%
that
65%
was
65%
grateful
61%
Verse Mother
61%
She
61%
dancer
60%
'cause
58%
says
58%
did
57%
like
57%
proud
57%
heart
56%
how
55%
melody
54%
long
53%
girl
49%
am
48%
Well,
48%
hair
47%
began
46%
fan
46%
golden
46%
capture
45%
found
45%
whoever
43%
chance
42%
everybody
42%
often
42%
lucky
41%
been
40%
Bridge I've
40%
No matching quizzes found
Score Distribution
Percent of People with Each Score
Percentile by Number Answered
Your Score History
You have not taken this quiz